000 00706nam a2200241Ia 4500
005 20260430150135.0
008 008 250103s9999 xx 000 0 eng d
037 _aTheses
040 _aCRL
040 _beng
040 _ceng
041 _2eng
041 _aeng
084 _qCRL
100 _aYadav Priyanka Au.; Awasthi Satish k. Gu.
_91236578
245 0 _aDiversified Catalytic Applications of Surface Modified Cobalt Ferrate Nannopracticles and biophysical Study of Antimaterial Compounds
260 _c2021
300 _a241p.
650 _aChemistry
700 _aUniversity of Delhi. Faculty of Science. Deptt. of Chemistry
_91236464
942 _cTH
999 _c1849049
_d1849049